000 01015nam a2200253 a 4500
001 64899
003 BD-RjUL
005 20211209081351.0
008 170223s1985 ii ||||| |||| 00| e ben d
020 _c: Tk.15.00
035 _a(BD-RjUL)65029
040 _aBD-RjUL
_bben
_cBD-RjUL
_dBD-RjUL
041 _aben
082 _223
_a891.44409
_bDAV 1985
100 1 0 _aদাশগুপ্ত, শশিভূষণ
_9147191
245 1 0 _aভারতের শক্তি-সাধনা ও শাক্ত সাহিত্য /
_cশশিভূষণ দাশগুপ্ত
250 _a৪র্থ সং
260 _aকলিকাতা :
_bসাহিত্য সংসদ,
_c১৯৮৩
300 _a৪৩২ পৃ. ;
_c২১ সেমি.
500 _aনির্ঘন্ট সংযুক্ত
650 _aবাংলা প্রবন্ধ
_xইতিহাস ও সমালোচনা
_9120541
650 _aBengali Essay
_xHistory and Critisizm
_9147841
942 _2ddc
_cBK
999 _c64899
_d64899